Ο γυρισμός του Οδυσσέα και ο νόστος της ποίησης στην πολιτεία
Saved in:
| Main Author: | |
|---|---|
| Format: | Book |
| Language: | Greek |
| Published: |
Αθήνα :
Καστανιώτη,
1986.
|
| Subjects: | |
| Tags: |
Add Tag
No Tags, Be the first to tag this record!
|
MARC
| LEADER | 00000cam a2200000 i 4500 | ||
|---|---|---|---|
| 001 | 1/46786 | ||
| 008 | 941103s1986 gr | ||| |||| ||gre|| | ||
| 035 | |a 1990 |l 10042889 | ||
| 040 | |a GR-MyUA |b gre |e AACR2 | ||
| 041 | 0 | |a gre | |
| 082 | 0 | |a 889.4 | |
| 100 | 1 | |a Ανδρεάδης, Γιάγκος, |d 1944- | |
| 245 | 1 | 2 | |a Ο γυρισμός του Οδυσσέα και ο νόστος της ποίησης στην πολιτεία / |c Γιάγκος Θ. Ανδρεάδης. |
| 260 | |a Αθήνα : |b Καστανιώτη, |c 1986. | ||
| 300 | |a 118 σ. ; |c 21 εκ. | ||
| 650 | 0 | 0 | |a Greek essays, Modern. |
| 852 | |a INST |b SAMOS |e 19941103 |h 889.4 ΑΝΔ |p 005300000168 |q 005300000168 |t BK |y 0 | ||
| 909 | |a Σ |b 017298 | ||